Acht Gedichte. aus "letzte Blätter" von Herrmann von Gilm : Op. 10 : für eine Singstimme mit Klavierbegleitung / No. 6, Die Verschwiegenen

Hlavní autor: Strauss, Richard, 1864-1949
Další autoři: Gilm, Hermann von, 1812-1864, Bernhoff, John, činný 1906-1908
Jazyk: Němčina
Angličtina
Vydáno: München : Jos. Aibl Verlag, c1897
Fyzický popis: 1 partitura (3 s.)
Language note: Souběžný anglický text
Hudebniny Hudebniny
Uloženo v:
LEADER 01069ncm a22002652a 4500
001 001294101
003 CZ BrMZK
005 20151015083205.0
007 qu
008 130517s1897 gw |||||||||||||||||ger d
040 |a BOA001  |b cze 
041 0 |a ger  |a eng 
072 7 |a 784  |x Vokální hudba  |2 Konspekt  |9 9 
100 1 |a Strauss, Richard,  |d 1864-1949  |7 jn20000605184  |4 cmp 
245 1 0 |a Acht Gedichte.  |n No. 6,  |p Die Verschwiegenen  |h [hudebnina] :  |b aus "letzte Blätter" von Herrmann von Gilm : Op. 10 : für eine Singstimme mit Klavierbegleitung /  |c componirt von Richard Strauss ; the english version by John Bernhoff 
246 3 0 |a Verschwiegenen 
260 |a München :  |b Jos. Aibl Verlag,  |c c1897 
300 |a 1 partitura (3 s.) 
546 |a Souběžný anglický text 
700 1 |a Gilm, Hermann von,  |d 1812-1864  |7 mzk2010583654  |4 lyr 
700 1 |a Bernhoff, John,  |d činný 1906-1908  |7 xx0114583  |4 trl 
910 |a BOA001  |b Mus4-0193.161,6 
990 |a MU 
991 |b 201305 
996 6 |b 2619563679  |c Mus4-0193.161,6  |l MZK  |r Sklad / do 1 hodiny  |n 0  |w 001328708  |u 000010  |a 1  |e BOA001  |j MZK50  |s P